Paesi per Immagine #5 - Statistics

Statistiche generali
  • Questo quiz è stato fatto 80 volte
  • Il punteggio medio è 9 su 15
Statistiche sulle risposte
con Immagini Risposta % Corretto
India
97%
Giappone
96%
Grecia
95%
Stati Uniti
95%
Francia
81%
Norvegia
69%
Emirati Arabi Uniti
63%
Cechia
56%
Thailandia
49%
Armenia / Turchia
48%
Indonesia
44%
Brasile
29%
Egitto
28%
Yemen
19%
Kazakistan
16%
Nessun quiz corrispondente trovato
Distribuzione punteggi
Percentuale di utenti per punteggio
Percentile per numero di risposta
I tuoi punteggi nel tempo
Non hai fatto questo quiz